Исследование работы конденсатора турбогенератора № 5 Новосибирской ТЭЦ-4 и составление проекта его реконструкции: Отчет о НИР; Тема: х/д № 102/62

書誌詳細
団体著者: Томский политехнический институт (ТПИ) (595)
その他の著者: Брагин В. А. (руководитель), Маракулин Ю. А. (исполнитель), Калугин Б. Ф.
言語:ロシア語
出版事項: Томск, 1965
主題:
フォーマット: 図書
KOHA link:https://koha.lib.tpu.ru/cgi-bin/koha/opac-detail.pl?biblionumber=187702

MARC

LEADER 00000nbm0a2200000 4500
001 187702
005 20231031174057.0
035 |a (RuTPU)RU\TPU\book\203666 
090 |a 187702 
100 |a 20101119d1965 k y0rusy50 ca 
101 0 |a rus 
102 |a RU 
105 |a af p 001zy 
200 1 |a Исследование работы конденсатора турбогенератора № 5 Новосибирской ТЭЦ-4 и составление проекта его реконструкции  |e Отчет о НИР  |e Тема: х/д № 102/62  |f Томский политехнический институт (ТПИ) ; руководитель В. А. Брагин ; Ю. А. Маракулин ; Б. Ф. Калугин 
210 |a Томск  |d 1965 
215 |a 31 л. 
320 |a Библиогр.: с. 31. 
610 1 |a отчеты о НИР 
610 1 |a турбогенераторы 
610 1 |a конденсаторы 
610 1 |a ТЭЦ 
610 1 |a проект 
610 1 |a реконструкция 
610 1 |a Новосибирск 
675 |a 621.319.4  |v 3 
675 |a 621.313.12  |v 3 
702 1 |a Брагин  |b В. А.  |4 673 
702 1 |a Маракулин  |b Ю. А.  |4 677 
702 1 |a Калугин  |b Б. Ф.  |4 677 
712 0 2 |a Томский политехнический институт (ТПИ)  |c (1944-1991)  |2 stltpush  |3 (RuTPU)RU\TPU\col\1123  |4 595 
801 1 |a RU  |b 63413507  |c 20101119 
942 |c BK